书目信息 |
| 题名: |
数学:附解题指导
|
|
| 作者: | 孙成基 主编 | |
| 分册: | ||
| 出版信息: | 北京 高等教育出版社 2000 |
|
| 页数: | 299页 | |
| 开本: | 26cm | |
| 丛书名: | 全国各类杨人高考复习指导丛书 | |
| 单 册: | ||
| 中图分类: | O1-42 | |
| 科图分类: | ||
| 主题词: | 数学 | |
| 电子资源: | ||
| ISBN: | 7-04-009004-X | |
| 000 | 00720nam0 2200241 450 | |
| 001 | 0751484129 | |
| 005 | 20070724082810.76 | |
| 010 | @a7-04-009004-X@dCNY18.70 | |
| 100 | @a20070716d2000 km y0chiy0120 ea | |
| 101 | 0 | @achi |
| 102 | @aCN@b110000 | |
| 200 | 1 | @a数学:附解题指导@Ashu xue:fu jie ti zhi dao@e理工农医类@f孙成基主编@Fsun cheng ji zhu bian |
| 205 | @a8版 | |
| 210 | @a北京@c高等教育出版社@d2000 | |
| 215 | @a299页@d26cm | |
| 225 | 2 | @a全国各类杨人高考复习指导丛书 |
| 410 | 0 | @12001 @a全国各类杨人高考复习指导丛书 |
| 517 | 1 | @a理工农医类@Ali gong nong yi lei |
| 606 | 0 | @a数学 |
| 690 | @aO1-42@v3 | |
| 701 | 0 | @a孙成基@Asun cheng ji@4主编 |
| 801 | 0 | @aCN@bPFT@c20070724 |
| 905 | @a10447@dO1-42@e338=8 | |
| 数学:附解题指导:理工农医类/孙成基主编.-8版.-北京:高等教育出版社,2000 |
| 299页;26cm.-(全国各类杨人高考复习指导丛书) |
| ISBN 7-04-009004-X:CNY18.70 |
| ● |
| 相关链接 |
|
|
|
|
正题名:数学:附解题指导
索取号:O1-42/338=8
 
预约/预借
| 序号 | 登录号 | 条形码 | 馆藏地/架位号 | 状态 | 备注 |
| 1 | 0768510 | 207685101 | 第二样本阅览室/ [索取号:O1-42/338=8] | 在馆 |